| 000 | 00450cam a2200181ua 4500 | ||
|---|---|---|---|
| 001 | 10713 | ||
| 008 | 190329n ii |||gr||||Z||||||eng | ||
| 020 | _a9789384247201 | ||
| 040 | _cMAIN | ||
| 082 | _a371.33 | ||
| 100 |
_aM S Mane, _eAuthor. |
||
| 245 | _aEducational technology | ||
| 250 | _a1st ed. | ||
| 260 |
_aKanpur: _bChandralok prakashan, _c2014. |
||
| 300 | _a320p. | ||
| 653 | _aSchools & their activities special education | ||
| 942 | _cBK | ||
| 999 |
_c9680 _d9680 |
||